000 01538nam0a2200349 4500
001 RU\NLR\BIBL_A\011393896
005 20260406160707.0
010 _a9785171029203
_95000
021 _aRU
_b2017-32200
_92367
035 _a(RuMoRGB)008874626
035 _a(NLR Aleph) 011393896
090 _a11467429
_c11467429
100 _a20170526d2017 b y0rusy50 ca
101 0 _arus
102 _aRU
105 _aa z 00ay
200 1 _aМои первые сказки
_e[развитие речи
_e3-4 года
_eсказки
_eдля занятий взрослых с детьми (текст читают взрослые)]
_fВ. Сутеев, С. Маршак...
210 _aМосква
_cАСТ
_d2017
215 _a47 с.
_cцв. ил.
_d17
225 1 _aКнижка в кармашек
327 1 _aСодерж.: Курочка Ряба. Репка. Цыпленок и утенок; Три котенка / В. Сутеев. Кто колечко найдет? / С. Маршак. Когда можно плакать? / С. Прокофьева
333 _a0+
686 _aШ9(2)6=Р70-2я43
_2rubbk
686 0 _aШ9(2)60=Р7я43
686 0 _aШ9(2)3=Р-2
700 1 _7ca
_8rus
_aСутеев
_bВ. Г.
_f1903-1993
_gВладимир Григорьевич
_9118246
_3RU\NLR\AUTH\778336
701 1 _7ca
_8rus
_aМаршак
_bС. Я.
_f1887-1964
_gСамуил Яковлевич
_9114767
_3RU\NLR\AUTH\774792
942 _cBOOK
980 _aNBR